Minería y comercio internacional en América Latina /
Сохранить в:
| Главный автор: | |
|---|---|
| Корпоративные авторы: | , |
| Формат: | Текст |
| Опубликовано: |
s.l:
CEPAL
|
| Метки: |
Добавить метку
Нет меток, Требуется 1-ая метка записи!
|
MARC
| LEADER | 00000 a a2200000 04500 | ||
|---|---|---|---|
| 001 | 24530 | ||
| 003 | |||
| 040 | |||
| 090 | |a 176200 | ||
| 100 | |a Sánchez Albavera, Fernando | ||
| 110 | |a FLACSO | ||
| 245 | |a Minería y comercio internacional en América Latina / |c FLACSO | ||
| 260 | |a s.l: |b CEPAL | ||
| 300 | |a 340 p |b **no definido** | ||
| 710 | |a CEPAL | ||
| 999 | |c 6288 |d 6288 | ||
